000 00597nam a2200181 a 4500
001 000047187
005 20201002053429.0
008 180418s2017 dr a 000 0 spa d
020 _a9789945468717
040 _aDO-SdBNP
_bspa
_cBNPHU
082 _axxxx
_bT233a, 2do
100 1 _aTaveras de Frias, Reyita
_937771
245 1 0 _aAprendamos matemática 2 :
_bcuaderno segundo grado /
_cTaveras de Frias, Reyita.
260 _aSanto Domingo :
_bAlfa y Omega,
_c2017.
300 _av. :
_bil. ;
_c28 cm.
500 _aLa biblioteca posee el cuaderno de segundo grado.
590 _aInventariado, 2018/LP
999 _c46675
_d46675